Schaum's outline of theory and problems of probability si (Metric) edition (Record no. 9043)

MARC details
000 -LEADER
fixed length control field 00556nam a2200181Ia 4500
003 - CONTROL NUMBER IDENTIFIER
control field IN-BaIIA
008 - FIXED-LENGTH DATA ELEMENTS--GENERAL INFORMATION
fixed length control field 211028s9999 xx 000 0 eng d
020 ## - INTERNATIONAL STANDARD BOOK NUMBER
International Standard Book Number 0-07-099031-X
040 ## - CATALOGING SOURCE
Transcribing agency IIA Library
080 ## - UNIVERSAL DECIMAL CLASSIFICATION NUMBER
Universal Decimal Classification number 519.21
Item number LIP
100 ## - MAIN ENTRY--PERSONAL NAME
Personal name Lipschutz, Seymour
9 (RLIN) 6066
245 #0 - TITLE STATEMENT
Title Schaum's outline of theory and problems of probability si (Metric) edition
Statement of responsibility, etc. Seymour Lipschutz
260 ## - PUBLICATION, DISTRIBUTION, ETC.
Place of publication, distribution, etc. Singapore
Name of publisher, distributor, etc. McGraw-Hill
Date of publication, distribution, etc. 1982
300 ## - PHYSICAL DESCRIPTION
Extent 152p.
650 ## - SUBJECT ADDED ENTRY--TOPICAL TERM
Topical term or geographic name entry element NASA thesaurus
650 ## - SUBJECT ADDED ENTRY--TOPICAL TERM
Topical term or geographic name entry element Probability
9 (RLIN) 3440
942 ## - ADDED ENTRY ELEMENTS (KOHA)
Koha item type Books
Holdings
Withdrawn status Lost status Damaged status Not for loan Home library Current library Shelving location Date acquired Total Checkouts Full call number Barcode Date last seen Price effective from Koha item type
        IIA Library-Bangalore IIA Library-Bangalore General Stacks 04/06/1987   519.21/ LIP 9939 05/11/2021 04/06/1987 Books

Powered by Koha